| 000 | 00502nam a2200205Ia 4500 | ||
|---|---|---|---|
| 003 | OSt | ||
| 005 | 20230331163941.0 | ||
| 008 | 210423s2010 xx 000 0 und d | ||
| 020 | _a9789380408101 | ||
| 040 | _cAL | ||
| 041 | _aeng | ||
| 082 |
_a658 PRAV _223 |
||
| 100 |
_aPRASAD (V V Vara). _981072 |
||
| 245 | _aManagement science. | ||
| 260 |
_aNew Delhi _bAcme Learning Pvt Ltd _c2010 |
||
| 300 |
_axvii,326 _bPB |
||
| 365 |
_b175 _cINR |
||
| 906 | _aManagement ; science. | ||
| 942 |
_2ddc _cBK |
||
| 999 |
_c155319 _d155319 |
||